Govt. of
Madhya Pradesh

Maulana Rum's Mathnawi (Record no. 13586)

MARC details
000 -LEADER
fixed length control field 004660000a22001930004500
001 - CONTROL NUMBER
control field 001668
003 - CONTROL NUMBER IDENTIFIER
control field MACL
005 - DATE AND TIME OF LATEST TRANSACTION
control field 20150730123659.0
008 - FIXED-LENGTH DATA ELEMENTS--GENERAL INFORMATION
fixed length control field 150730b xxu||||| |||| 00| 0 eng d
040 ## - CATALOGING SOURCE
Original cataloging agency MACL
Transcribing agency MACL
041 ## - LANGUAGE CODE
Language code of text/sound track or separate title English
082 ## - DEWEY DECIMAL CLASSIFICATION NUMBER
Classification number 350
100 ## - MAIN ENTRY--PERSONAL NAME
Personal name Gupta, M.G
9 (RLIN) 252
245 ## - TITLE STATEMENT
Title Maulana Rum's Mathnawi
Remainder of title Vol III
Statement of responsibility, etc. M.G Gupta
260 ## - PUBLICATION, DISTRIBUTION, ETC. (IMPRINT)
Place of publication, distribution, etc. New Delhi
Date of publication, distribution, etc. 2004
Name of publisher, distributor, etc. M.G Publishers,
350 ## - PRICE (NR) (BK AM CF MU VM SE) [OBSOLETE]
Price 500
650 ## - SUBJECT ADDED ENTRY--TOPICAL TERM
Topical term or geographic name as entry element Literature
9 (RLIN) 3387
942 ## - ADDED ENTRY ELEMENTS (KOHA)
Call number prefix 891
Koha item type Books
Source of classification or shelving scheme
Holdings
Withdrawn status Lost status Source of classification or shelving scheme Damaged status Not for loan Home library Current library Date acquired Cost, normal purchase price Total Checkouts Full call number Barcode Date last seen Date last checked out Uniform Resource Identifier Price effective from Koha item type
          MACL MACL 15/04/2015 500.00 3 350 CRE017843 02/05/2024 03/01/2023 13463 15/04/2015 Books